000
00229nam a2200097Ia 4500
008
170619s9999 xx 000 0 und d
100
_a
Cunnigham- W P ed.
245
0
_a
Environmental Encyclopedia
260
_b
Jaico Pub.
260
_c
2004
546
_a
ENGLISH
999
_c
17176
_d
17176